000 00407nam a2200145 a 4500
001 000042210
005 20201002040017.0
008 131119s1970 nyu 000 0 spa d
040 _aDO-SdBNP
_bspa
_cBNPHU
082 _axxx
_bW819r
100 1 _aWitcover, Jules
_969229
245 1 3 _aThe resurrection of Richard Nixon /
_cJules Witcover.
260 _aNew York :
_bPutnam,
_c1970.
300 _a479 p. ;
_c22 cm.
999 _c41699
_d41699